[Event "FRA-chT U20 16 GP Haute 1213"]
[Site "France"]
[Date "2013.05.19"]
[Round "10"]
[White "Guerry, Emilien"]
[Black "Mohammad, Fahim"]
[Result "1-0"]
[WhiteElo "1582"]
[BlackElo "1932"]
[PlyCount "71"]
[EventDate "2012.12.01"]
[EventType "team"]
[EventRounds "11"]
[EventCountry "FRA"]
[SourceTitle "EXT 2014"]
[Source "ChessBase"]
[SourceDate "2013.11.20"]
[SourceVersion "1"]
[SourceVersionDate "2013.11.20"]
[SourceQuality "1"]
[WhiteTeam "Mulhouse (U20)"]
[BlackTeam "Creteil (U20)"]
[WhiteTeamCountry "FRA"]
[BlackTeamCountry "FRA"]

1. e4 c5 2. Nc3 Nc6 3. Bb5 Na5 4. Nf3 a6 5. Be2 b5 6. d4 cxd4 7. Nxd4 Bb7 8. a3 e6 9. 0-0 d6 10. Ncxb5 Bxe4 11. b4 Nb7 12. Bf3 axb5 13. Bxe4 d5 14. Bd3 Nf6 15. Bg5 Bd6 16. Bxb5+ Kf8 17. Qf3 h6 18. Bxf6 Qxf6 19. Qxf6 gxf6 20. c3 Be5 21. a4 Nd6 22. Bc6 Rc8 23. b5 Ne4 24. f4 Bd6 25. Kh1 Nxc3 26. Rfc1 Ne4 27. g3 Rg8 28. a5 Bxf4 29. a6 Bxc1 30. Rxc1 Nf2+ 31. Kg1 Nd3 32. Rc3 Ne5 33. a7 Ke7 34. b6 Nc4 35. b7 Nb6 36. Rb3 1-0

[Event "FRA-chT U20 GpA 1213"]
[Site "France"]
[Date "2013.01.05"]
[Round "6"]
[White "Guerry, Emilien"]
[Black "Coiffait, Pierre Basile"]
[Result "1-0"]
[WhiteElo "1582"]
[BlackElo "1797"]
[PlyCount "123"]
[EventDate "2012.12.01"]
[EventType "team"]
[EventRounds "7"]
[EventCountry "FRA"]
[SourceTitle "EXT 2014"]
[Source "ChessBase"]
[SourceDate "2013.11.20"]
[SourceVersion "1"]
[SourceVersionDate "2013.11.20"]
[SourceQuality "1"]
[WhiteTeam "Mulhouse (U20)"]
[BlackTeam "Cannes (U20)"]
[WhiteTeamCountry "FRA"]
[BlackTeamCountry "FRA"]

1. e4 e6 2. d4 d5 3. Nd2 Nf6 4. e5 Nfd7 5. Bd3 c5 6. c3 Nc6 7. Ne2 cxd4 8. cxd4 Nb6 9. 0-0 Bd7 10. a3 a5 11. Nf3 h6 12. Ng3 Be7 13. b3 Rc8 14. Be3 a4 15. b4 Na7 16. Qe2 Nc4 17. Rfc1 b5 18. Nh5 g6 19. Nf4 g5 20. Nh5 Bc6 21. Ng7+ Kd7 22. Nh5 Kc7 23. Qc2 Kb6 24. Nd2 Bd7 25. Nxc4+ bxc4 26. Be2 Bb5 27. Qc3 Nc6 28. Rf1 Rg8 29. f4 gxf4 30. Rxf4 Qf8 31. Raf1 Nd8 32. Nf6 Bxf6 33. Rxf6 Qg7 34. g3 Rh8 35. Bh5 Rc7 36. Bf3 Ka7 37. Bh5 Be8 38. b5 Rb7 39. Qa5+ Kb8 40. Qxd8+ Ka7 41. Qa5+ Kb8 42. Qxa4 Bxb5 43. Qc2 Qf8 44. Rxf7 Qxa3 45. Rxb7+ Kxb7 46. Bd2 Rg8 47. Qc3 Qxc3 48. Bxc3 Kb6 49. Bf7 Ra8 50. Bxe6 Ra3 51. Rc1 Bc6 52. Bf7 Rb3 53. e6 Kc7 54. e7 Rb8 55. Bd2 Rh8 56. Bf4+ Kb6 57. Re1 Rc8 58. e8Q Bxe8 59. Rxe8 Rc6 60. Re6 c3 61. Rxc6+ Kxc6 62. Bxh6 1-0

[Event "Marseille op 5th"]
[Site "Marseille"]
[Date "2012.12.26"]
[Round "4"]
[White "Guerry, Emilien"]
[Black "Noireaut, Hung"]
[Result "0-1"]
[WhiteElo "1641"]
[BlackElo "1890"]
[PlyCount "106"]
[EventDate "2012.12.26"]
[EventType "swiss"]
[EventRounds "9"]
[EventCountry "FRA"]
[SourceTitle "EXT 2014"]
[Source "ChessBase"]
[SourceDate "2013.11.20"]
[SourceVersion "1"]
[SourceVersionDate "2013.11.20"]
[SourceQuality "1"]

1. e4 Nf6 2. e5 Nd5 3. d4 d6 4. c4 Nb6 5. exd6 cxd6 6. Nc3 g6 7. Be3 Bg7 8. Rc1 0-0 9. b3 e5 10. dxe5 dxe5 11. Qxd8 Rxd8 12. c5 N6d7 13. Bc4 Nc6 14. Ne4 Nf8 15. Nd6 Ne6 16. Bxe6 Bxe6 17. Nxb7 Rd7 18. Nd6 Nb4 19. Rb1 Nxa2 20. Bd2 Rb8 21. b4 Nxb4 22. Rxb4 Rxb4 23. Bxb4 Rd8 24. Bc3 Rb8 25. Kd2 Rb1 26. Kc2 Rf1 27. c6 Rxf2+ 28. Kd3 Rxg2 29. c7 f5 30. c8Q+ Bxc8 31. Nxc8 e4+ 32. Kc4 Rc2 33. Ne7+ Kf7 34. Nd5 Rc1 35. Kb3 Bh6 36. Bb2 Rf1 37. Nc3 Be3 38. Nce2 f4 39. h4 f3 40. Ng3 Rxg1 41. Rxg1 Bxg1 42. Nxe4 Ke6 43. Ng5+ Kf5 44. Nxf3 Bf2 45. Bc1 Kg4 46. Ng5 h5 47. Ne4 Bxh4 48. Ka4 Kf3 49. Nd2+ Kg2 50. Ne4 Bf2 51. Bg5 Kf3 52. Nf6 h4 53. Nh7 h3 0-1

[Event "FRA-chT U20 GpA 1213"]
[Site "France"]
[Date "2012.12.02"]
[Round "2"]
[White "Guerry, Emilien"]
[Black "Pillard, Valentin"]
[Result "1-0"]
[WhiteElo "1582"]
[BlackElo "1775"]
[PlyCount "79"]
[EventDate "2012.12.01"]
[EventType "team"]
[EventRounds "7"]
[EventCountry "FRA"]
[SourceTitle "EXT 2014"]
[Source "ChessBase"]
[SourceDate "2013.11.20"]
[SourceVersion "1"]
[SourceVersionDate "2013.11.20"]
[SourceQuality "1"]
[WhiteTeam "Mulhouse (U20)"]
[BlackTeam "Nancy (U20)"]
[WhiteTeamCountry "FRA"]
[BlackTeamCountry "FRA"]

1. e4 e6 2. d4 d5 3. Nd2 c5 4. exd5 Qxd5 5. Ngf3 cxd4 6. Bc4 Qd6 7. Nb3 a6 8. Qxd4 Nc6 9. Qxd6 Bxd6 10. 0-0 b5 11. Bd3 Nf6 12. Rd1 Nd5 13. Be4 Nce7 14. Bg5 f6 15. Bh4 a5 16. Bg3 Bxg3 17. hxg3 Kf7 18. Rd2 b4 19. Nc5 Ra7 20. Nd4 Rc7 21. Ncb3 a4 22. Na5 Rc5 23. Nb5 Rxb5 24. Nc4 Rc5 25. Nd6+ Kf8 26. Rad1 Ba6 27. Nf5 Nxf5 28. Bxf5 exf5 29. Rxd5 Rxd5 30. Rxd5 Kf7 31. Ra5 Be2 32. Rxa4 Bd1 33. Rxb4 g6 34. Rb7+ Ke6 35. c3 h5 36. Rb6+ Ke5 37. f4+ Ke4 38. Rxf6 Rg8 39. Rd6 Bc2 40. Kf2 1-0

[Event "St Chely d'Aubrac op 11th"]
[Site "St Chely d'Aubrac"]
[Date "2011.07.10"]
[Round "2"]
[White "Guerry, Emilien"]
[Black "Burri, Quentin"]
[Result "0-1"]
[WhiteElo "1471"]
[BlackElo "1657"]
[PlyCount "84"]
[EventDate "2011.07.09"]
[EventType "swiss"]
[EventRounds "7"]
[EventCountry "FRA"]
[SourceTitle "CBM 143 Extra"]
[Source "ChessBase"]
[SourceDate "2011.08.29"]
[SourceVersion "1"]
[SourceVersionDate "2011.08.29"]
[SourceQuality "1"]

1. e4 c5 2. Nc3 a6 3. a4 Nc6 4. f4 e6 5. Nf3 d5 6. d3 Nf6 7. Bd2 Rb8 8. g3 b5 9. axb5 axb5 10. e5 Nd7 11. Bg2 Qb6 12. Ne2 Be7 13. c3 h5 14. h3 Ba6 15. b3 c4 16. dxc4 bxc4 17. b4 Nxb4 18. cxb4 Bxb4 19. Nfd4 Rc8 20. Bc3 Nc5 21. 0-0 Bxc3 22. Nxc3 Nb3 23. Rxa6 Qxa6 24. Kh2 Nxd4 25. Qxd4 Qc6 26. Rb1 Rf8 27. Qb6 Qxb6 28. Rxb6 Kd7 29. Rd6+ Kc7 30. Kg1 Rb8 31. Ra6 Rfd8 32. Ra4 Kb6 33. Ra2 Kc5 34. Kf2 d4 35. Ne4+ Kb4 36. Ra1 c3 37. Rc1 Kb3 38. Ke1 Kb2 39. Kd1 Rbc8 40. Rc2+ Kb3 41. Nd6 d3 42. Nxc8 dxc2+ 0-1

[Event "St Chely d'Aubrac op 11th"]
[Site "St Chely d'Aubrac"]
[Date "2011.07.09"]
[Round "1"]
[White "De Leeuw, Johannes"]
[Black "Guerry, Emilien"]
[Result "1-0"]
[WhiteElo "1827"]
[BlackElo "1471"]
[PlyCount "97"]
[EventDate "2011.07.09"]
[EventType "swiss"]
[EventRounds "7"]
[EventCountry "FRA"]
[SourceTitle "CBM 143 Extra"]
[Source "ChessBase"]
[SourceDate "2011.08.29"]
[SourceVersion "1"]
[SourceVersionDate "2011.08.29"]
[SourceQuality "1"]

1. e4 c5 2. Nf3 e6 3. c3 Nf6 4. e5 Nd5 5. Bc4 Nb6 6. Bb3 d5 7. d4 Bd7 8. 0-0 cxd4 9. cxd4 Bb4 10. Nc3 Bxc3 11. bxc3 Bb5 12. Re1 N8d7 13. a4 Ba6 14. Ng5 h6 15. Nh3 Qh4 16. Nf4 0-0 17. g3 Qd8 18. Qg4 Qg5 19. Qd1 Qd8 20. Nh5 f5 21. exf6 Nxf6 22. Rxe6 Qd7 23. Nxf6+ Rxf6 24. Rxf6 gxf6 25. Bxh6 Qh3 26. Bf4 Kf7 27. Qf3 Rh8 28. Bxd5+ Nxd5 29. Qxd5+ Kg6 30. Qe4+ Kf7 31. Qg2 Qc8 32. Bd2 Bc4 33. Re1 a5 34. h4 Bb3 35. Qe4 Bxa4 36. Qd5+ Kg6 37. Re7 Bc6 38. Qf7+ Kf5 39. Re5+ Kg4 40. Qg6+ Kh3 41. Rxa5 Qe6 42. Qf5+ Qxf5 43. Rxf5 Ra8 44. Kf1 Kg4 45. Rf4+ Kh3 46. c4 Re8 47. d5 Ba4 48. h5 Bd1 49. Rh4# 1-0

[Event "FRA-chT U20 16 GP Haute 1011"]
[Site "France"]
[Date "2011.06.12"]
[Round "8"]
[White "Meunier, Clement"]
[Black "Guerry, Emilien"]
[Result "1-0"]
[WhiteElo "1867"]
[BlackElo "1487"]
[PlyCount "59"]
[EventDate "2010.06.20"]
[EventType "team-tourn"]
[EventRounds "11"]
[EventCountry "FRA"]
[SourceTitle "EXT 2015"]
[Source "ChessBase"]
[SourceDate "2014.11.20"]
[SourceVersion "1"]
[SourceVersionDate "2014.11.20"]
[SourceQuality "1"]
[WhiteTeam "Cannes (U20)"]
[BlackTeam "Mulhouse Philidor (U20)"]
[WhiteTeamCountry "FRA"]
[BlackTeamCountry "FRA"]

1. e4 c5 2. Nf3 e6 3. d4 cxd4 4. Nxd4 Nc6 5. Nc3 Qc7 6. Be2 Nf6 7. Be3 a6 8. a3 Be7 9. f4 d6 10. g4 e5 11. Nf5 0-0 12. g5 Ne8 13. Nd5 Qd8 14. Bb6 Qd7 15. Bg4 Kh8 16. Nh6 f5 17. Nxf5 Qe6 18. Nh6 Qg6 19. Bf5 Bxf5 20. exf5 Rxf5 21. Nxf5 Qxf5 22. Qe2 Bd8 23. fxe5 Qxe5 24. Rf1 Kg8 25. Qxe5 dxe5 26. 0-0-0 Bxg5+ 27. Kb1 Nd6 28. Nc7 Rc8 29. Rxd6 Bd8 30. Rd7 1-0

[Event "FRA-chTB U20 1011"]
[Site "France"]
[Date "2010.12.20"]
[Round "7.5"]
[White "Guerry, Emilien"]
[Black "O'Sullivan, Thomas"]
[Result "0-1"]
[WhiteElo "1640"]
[BlackElo "1813"]
[PlyCount "52"]
[EventDate "2010.11.20"]
[EventType "team-tourn"]
[EventRounds "7"]
[EventCountry "FRA"]
[SourceTitle "EXT 2012"]
[Source "ChessBase"]
[SourceDate "2011.11.24"]
[SourceVersion "1"]
[SourceVersionDate "2011.11.24"]
[SourceQuality "1"]
[WhiteTeam "Mulhouse"]
[BlackTeam "Villepinte"]
[WhiteTeamCountry "FRA"]
[BlackTeamCountry "FRA"]

1. e4 e6 2. d4 d5 3. Nd2 Nf6 4. e5 Nfd7 5. Bd3 c5 6. c3 Nc6 7. Ne2 f6 8. exf6 Nxf6 9. Nf3 Bd6 10. Bf4 Bxf4 11. Nxf4 Qd6 12. Ne2 cxd4 13. cxd4 0-0 14. 0-0 a6 15. a3 Bd7 16. b4 b5 17. Ng3 Rae8 18. Re1 e5 19. dxe5 Nxe5 20. Nxe5 Rxe5 21. Rxe5 Qxe5 22. Rb1 Ng4 23. Qc2 Rxf2 24. Bxh7+ Kh8 25. Qd3 Qf6 26. h3 Rxg2+ 0-1

[Event "St Chely d'Aubrac op 10th"]
[Site "St Chely d'Aubrac"]
[Date "2010.07.12"]
[Round "3"]
[White "Luciani, Thibault"]
[Black "Guerry, Emilien"]
[Result "1-0"]
[WhiteElo "1887"]
[BlackElo "1650"]
[PlyCount "67"]
[EventDate "2010.07.10"]
[EventType "swiss"]
[EventRounds "9"]
[EventCountry "FRA"]
[SourceTitle "CBM 137 Extra"]
[Source "ChessBase"]
[SourceDate "2010.09.01"]
[SourceVersion "1"]
[SourceVersionDate "2010.09.01"]
[SourceQuality "1"]

1. e4 c5 2. Nf3 e6 3. d4 cxd4 4. Nxd4 Nc6 5. c4 Nf6 6. Nc3 a6 7. Be2 Bb4 8. Nxc6 bxc6 9. Qc2 Qc7 10. 0-0 0-0 11. Bd2 Be7 12. Rac1 h6 13. f4 d6 14. b3 Bd7 15. Qd3 Rad8 16. Qg3 Kh8 17. f5 Rg8 18. Qh3 Nh7 19. Bh5 Rdf8 20. Qg3 Bg5 21. Bxg5 Nxg5 22. h4 Nh7 23. Rcd1 e5 24. Qd3 Qa5 25. Qd2 Nf6 26. Be2 Rd8 27. g4 g5 28. fxg6 Rxg6 29. Kh1 Nh7 30. Rxf7 Bxg4 31. Bxg4 Rxg4 32. Qxh6 Rg1+ 33. Rxg1 Qxc3 34. Qxh7# 1-0

[Event "St Chely d'Aubrac op 10th"]
[Site "St Chely d'Aubrac"]
[Date "2010.07.11"]
[Round "2"]
[White "Guerry, Emilien"]
[Black "Grange, Julien"]
[Result "1-0"]
[WhiteElo "1650"]
[BlackElo "1280"]
[PlyCount "52"]
[EventDate "2010.07.10"]
[EventType "swiss"]
[EventRounds "9"]
[EventCountry "FRA"]
[SourceTitle "CBM 137 Extra"]
[Source "ChessBase"]
[SourceDate "2010.09.01"]
[SourceVersion "1"]
[SourceVersionDate "2010.09.01"]
[SourceQuality "1"]

1. e4 e5 2. Nf3 Nc6 3. Bb5 a6 4. Ba4 Bc5 5. 0-0 Nge7 6. c3 b5 7. Bc2 Ng6 8. d4 Bb6 9. Be3 0-0 10. Nbd2 d6 11. h3 h6 12. Re1 Re8 13. Nf1 d5 14. Ng3 dxe4 15. Bxe4 Qd6 16. Nxe5 Ngxe5 17. dxe5 Qxd1 18. Raxd1 Bb7 19. Bxb6 cxb6 20. Rd7 Nxe5 21. Rxb7 Nd3 22. Re3 Nxb2 23. Rf3 f6 24. Bd5+ Kh8 25. Nh5 Re1+ 26. Kh2 Rg8 1-0

[Event "FRA-chT U20 0809"]
[Site "Sautron"]
[Date "2009.01.03"]
[Round "6.8"]
[White "Stark, Antoine"]
[Black "Guerry, Emilien"]
[Result "1-0"]
[WhiteElo "1510"]
[BlackElo "1330"]
[PlyCount "69"]
[EventDate "2008.10.??"]
[EventType "team-tourn"]
[EventRounds "11"]
[EventCountry "FRA"]
[SourceTitle "EXT 2010"]
[Source "ChessBase"]
[SourceDate "2010.11.25"]
[SourceVersion "1"]
[SourceVersionDate "2010.11.25"]
[SourceQuality "1"]

1. d4 d5 2. c4 e6 3. Nc3 Nf6 4. Bg5 Be7 5. Nf3 0-0 6. e3 Nbd7 7. cxd5 Nxd5 8. Bxe7 Qxe7 9. Bd3 c5 10. Qc2 f5 11. 0-0 Nxc3 12. bxc3 cxd4 13. cxd4 b6 14. Qc7 Rf7 15. e4 fxe4 16. Bxe4 Rb8 17. Ne5 Ba6 18. Nxd7 Rc8 19. Qg3 Qxd7 20. Rfd1 Be2 21. Rd2 Bh5 22. Qg5 g6 23. g4 Rc4 24. gxh5 Rxd4 25. Rad1 e5 26. Rxd4 exd4 27. Bd5 Kf8 28. Bxf7 Qxf7 29. Qd8+ Kg7 30. Qxd4+ Kh6 31. Qe3+ Kg7 32. h6+ Kf6 33. Qf4+ Ke7 34. Rd7+ Kxd7 35. Qxf7+ 1-0